Juego de pescar las formas de países - Estadísticas

Estadísticas generales
  • Esta prueba ha sido intentada 8.260 veces
  • La puntuación promedio es 9 de 20
Respuestas en el mapa
Las respuestas están codificadas por una escala verde-roja en el mapa de la prueba según el % correcto abajo.
 
Estadísticas de respuestas
País % Correcto
Sudáfrica
78%
España
76%
Brasil
75%
Chile
74%
Italia
72%
India
71%
Estados Unidos
69%
Rusia
69%
Australia
66%
Francia
66%
México
66%
Egipto
65%
Argentina
63%
Canadá
63%
Chipre
61%
Reino Unido
61%
China
60%
Croacia
60%
Noruega
60%
Turquía
60%
Cuba
58%
Portugal
58%
Somalia
58%
Perú
57%
Japón
53%
Marruecos
53%
Vietnam
52%
Alemania
51%
Filipinas
51%
Malí
51%
Tailandia
51%
Grecia
49%
Austria
48%
Indonesia
48%
Ucrania
48%
Etiopía
46%
Islandia
46%
Argelia
44%
Kazajistán
44%
Papúa Nueva Guinea
44%
Senegal
44%
Laos
43%
Mongolia
43%
Nueva Zelanda
43%
Libia
41%
Madagascar
41%
República Democrática del Congo
41%
Malaui
40%
Chad
39%
Arabia Saudita
38%
Mozambique
38%
Sri Lanka
38%
Sudán
38%
Taiwán
38%
Mauritania
37%
Túnez
37%
Zambia
37%
Eritrea
36%
Camerún
35%
Colombia
35%
Namibia
35%
Afganistán
34%
Pakistán
34%
Panamá
34%
Birmania
33%
Iran
33%
Irlanda
33%
Corea del Norte
32%
Gabón
32%
Israel
32%
Bangladés
31%
Irak
31%
Nepal
31%
Nicaragua
31%
Níger
31%
Suecia
31%
Suiza
31%
Bielorrusia
30%
Corea del Sur
30%
Emiratos Árabes Unidos
30%
Polonia
30%
Rumania
30%
Yemen
30%
Venezuela
29%
Malasia
28%
Países Bajos
28%
Haití
27%
Serbia
27%
Bélgica
26%
Costa Rica
26%
Siria
26%
Gambia
25%
Georgia
24%
Paraguay
24%
Nigeria
23%
Kenia
22%
Guyana
17%
Guatemala
16%
Liberia
14%
Guinea
13%
No se encontraron pruebas coincidentes
Distribución de puntuación
Porcentaje de gente con cada puntuación
Porcentaje por número respondido
Historial de tus puntuaciones
No has intentado esta prueba.